Manual of first-order triangulation (Record no. 94244)

MARC details
000 -LEADER
fixed length control field 00488cam a2200193 4500
001 - CONTROL NUMBER
control field D5622
008 - FIXED-LENGTH DATA ELEMENTS--GENERAL INFORMATION
fixed length control field 090401t1926 xxu||||| |||| 00| 0 eng d
035 ## - SYSTEM CONTROL NUMBER
System control number (Sirsi) u60625
041 ## - LANGUAGE CODE
Language code of text/sound track or separate title eng
050 ## - LIBRARY OF CONGRESS CALL NUMBER
Classification number 526.33
100 ## - MAIN ENTRY--PERSONAL NAME
Personal name Hodgson, C.V.
245 ## - TITLE STATEMENT
Title Manual of first-order triangulation
260 ## - PUBLICATION, DISTRIBUTION, ETC.
Place of publication, distribution, etc. Washington D.C.
Name of publisher, distributor, etc. Government Printing Office
Date of publication, distribution, etc. 1926
300 ## - PHYSICAL DESCRIPTION
Extent vi. 185p. ill. 23cm
350 ## - PRICE (NR) (BK AM CF MU VM SE) [OBSOLETE]
Price 0
490 ## - SERIES STATEMENT
Series statement Special Publication
Volume/sequential designation 120
942 ## - ADDED ENTRY ELEMENTS (KOHA)
Suppress in OPAC 0
948 ## - LOCAL PROCESSING INFORMATION (OCLC); SERIES PART DESIGNATOR (RLIN)
c (OCLC) 04/03/1997
Holdings
Withdrawn status Lost status Source of classification or shelving scheme Damaged status Not for loan Home library Current library Shelving location Date acquired Total Checkouts Full call number Barcode Date last seen Copy number Price effective from Koha item type
    Dewey Decimal Classification     London London Basement 14/09/1999   SHELF 182 30013948 06/08/2019 1 06/08/2019 Reference material